| 000 | 00499 a2200205 4500 | ||
|---|---|---|---|
| 005 | 20250206124810.0 | ||
| 008 | 250206b |||||||| |||| 00| 0 eng d | ||
| 020 |
_a9788122484724 _cRs. 475.00 |
||
| 040 | _aMAIN | ||
| 082 |
_a531.12 _bB198S(7) |
||
| 100 | _aBali, N P | ||
| 245 | _aStatics | ||
| 250 | _a7th | ||
| 260 |
_bNew Age International Publishers _c2024 _aNew Delhi |
||
| 300 | _a470 | ||
| 440 | _aGolden Maths Series | ||
| 650 | _aMathematics | ||
| 650 | _aStatics | ||
| 942 | _cBK | ||
| 999 |
_c360848 _d360848 |
||